Les plus grandes villes des Pays-Bas - Statistiques

Statistiques générales
  • Ce quiz a été pris 77 fois
  • Le résultat moyen est 7 sur 20
Statistiques - réponses
Indice Réponse % Correct
921 468 Amsterdam
100%
670 610 Rotterdam
98%
553 306 La Haye
86%
368 024 Utrecht
70%
238 478 Eindhoven
66%
203 106 Groningue
48%
183 873 Breda
45%
167 763 Haarlem
31%
132 454 Zwolle
28%
154 815 Arnhem
23%
227 794 Tilbourg
23%
174 575 Nimègue
22%
152 205 Bois-Le-Duc
20%
160 383 Enschede
14%
213 660 Almere
13%
155 614 Amersfoort
6%
164 781 Apeldoorn
6%
152 108 Haarlemmermeer
3%
153 779 Zaanstad
0%
127 047 Zoetermeer
0%
Aucun quiz correspondant
Distribution des résultats
% des personnes avec chaque résultat
Percentile par nombre de réponses
Votre historique - résultats
Vous n’avez pas pris ce quiz